000
00308nam a22001217a 4500
020
_a
0-408-00265-4
082
_a
629.246 NEW'A
100
_a
SPURR, R. T,NEWCOMB, T. P
_9
76029
245
_a
AUTOMOBILE BRAKES AND BRAKING QUESTIONS & ANSWERS
260
_a
LONDON
_b
NEWNES
_c
1977
300
_a
92P
942
_c
BK
999
_c
581428
_d
581428